Countries that are Majority Christian on a map - Statistics

General Stats
  • This quiz has been taken 32 times
  • The average score is 72 of 110
Answers on the Map
Answers color-coded by a green-red scale on the quiz's map according to % correct below.
 
Answer Stats
Continent Starting Letter Christian % Number of Christians Answer % Correct
Europe V 100% 836 Vatican City
100%
North America G 97.3% 101K Grenada
84%
North America H 96% 9.6M Haiti
84%
South America P 94.5% 29.5M Peru
84%
Europe P 92.2% 37M Poland
84%
Europe R 98% 18.1M Romania
84%
North America B 95% 336K The Bahamas
84%
Africa Z 95.5% 12.9M Zambia
84%
Asia A 97.9% 2.8M Armenia
80%
South America E 94% 14.1M Ecuador
80%
Africa K 85.5% 40.7M Kenya
80%
Oceania M 97.5% 50K Marshall Islands
80%
North America P 92% 3.1M Panama
80%
Africa R 93.6% 9.6M Rwanda
80%
South America V 88% 28.3M Venezuela
80%
Africa D 92% 63.1M Democratic Republic of the Congo
76%
North America D 88.7% 59K Dominica
76%
Asia E 99.6% 1.3M East Timor
76%
North America H 88% 6.7M Honduras
76%
North America M 88.9% 112M Mexico
76%
Europe M 91.8% 2.8M Moldova
76%
Oceania P 97% 6.8M Papua New Guinea
76%
South America P 96% 6.3M Paraguay
76%
Oceania S 97.5% 520K Solomon Islands
76%
Africa Z 87% 12.5K Zimbabwe
76%
Europe A 89.5% 78K Andorra
72%
South America B 89% 9.7M Bolivia
72%
South America B 90% 180.8M Brazil
72%
South America C 92% 43.6M Colombia
72%
Europe G 93% 10M Greece
72%
Africa L 85.5% 1.4M Liberia
72%
Europe S 91.6% 31K San Marino
72%
Europe S 91% 7.3M Serbia
72%
Oceania M 95.4% 106K The Federated States of Micronesia
72%
North America B 74% 244K Barbados
68%
South America C 68% 9.9M Chile
68%
Europe D 79% 4.4M Denmark
68%
North America D 83% 9.7M Dominican Republic
68%
Africa G 88% 1.1M Gabon
68%
Europe I 72.3% 272.2K Iceland
68%
Europe I 83.8% 4M Ireland
68%
North America J 68.9% 1.9M Jamaica
68%
Africa L 90% 1.9M Lesotho
68%
Europe L 84.4% 30K Liechtenstein
68%
Africa N 90% 2M Namibia
68%
Oceania P 77.9% 16K Palau
68%
Europe P 84.8% 7.4M Portugal
68%
Africa R 90.7% 3.4M Republic of the Congo
68%
Africa S 94.7% 80K Seychelles
68%
Africa U 84.5% 29.3M Uganda
68%
Africa A 79.2% 27.2M Angola
64%
North America A 74% 66K Antigua and Barbuda
64%
South America A 77% 34.9M Argentina
64%
North America B 76.7% 247K Belize
64%
Africa C 89.1% 487K Cape Verde
64%
North America C 82% 4M Costa Rica
64%
Africa E 82.7% 994K Eswatini
64%
Africa E 75% 77.5M Ethiopia
64%
Asia G 88.1% 3.2M Georgia
64%
North America G 87% 14M Guatemala
64%
Europe H 65% 6.5M Hungary
64%
Africa M 85% 22.3M Madagascar
64%
Europe M 91.6% 400K Malta
64%
North America N 84.6% 5.2M Nicaragua
64%
Africa S 85.3% 52.9M South Africa
64%
Oceania T 81% 84K Tonga
64%
Europe U 81.9% 34.8M Ukraine
64%
Europe A 62% 5.2M Austria
60%
Europe B 65% 6.9M Belgium
60%
Europe B 64.7% 6.4M Bulgaria
60%
Africa B 75% 7.7M Burundi
60%
Europe C 87.4% 3.4M Croatia
60%
North America C 65% 6.7M Cuba
60%
North America E 81.9% 5.1M El Salvador
60%
Africa E 67% 3.6M Eritrea
60%
Oceania F 64.4% 540K Fiji
60%
Europe F 67.1% 3.7M Finland
60%
Europe F 60.6% 33.9M France
60%
Europe I 83% 53.2M Italy
60%
Europe L 79.4% 2.2M Lithuania
60%
Europe L 72.4% 360K Luxembourg
60%
Europe M 82.6% 30K Monaco
60%
Europe R 77% 99.8M Russia
60%
Europe S 68.8% 3.7M Slovakia
60%
Europe S 68% 1.6M Slovenia
60%
Europe S 69.1% 5.7M Switzerland
60%
Africa T 61.4% 31.3M Tanzania
60%
North America U 73% 213M United States of America
60%
Africa B 71.6% 1.4M Botswana
56%
Africa G 71.3% 22M Ghana
56%
Europe L 80% 1.6M Latvia
56%
Africa M 77.3% 13.6M Malawi
56%
Europe M 78.8% 500K Montenegro
56%
Europe N 76.7% 3.8M Norway
56%
Asia P 85.3% 92.7M Philippines
56%
Europe S 64.3% 6.6M Sweden
56%
Africa C 80% 2.3M Central African Republic
52%
Europe B 55.4% 5.3M Belarus
48%
North America C 53.3% 19.3M Canada
48%
Asia C 79% 863K Cyprus
48%
Europe G 53.9% 44.9M Germany
48%
Africa M 56.1% 13.1M Mozambique
48%
Europe N 60.4% 1.1M North Macedonia
48%
Africa S 60.5% 6M South Sudan
48%
Europe S 59.2% 28M Spain
48%
North America T 57.6% 774K Trinidad and Tobago
48%
Africa C 53.3% 15.4M Cameroon
44%
Africa E 88.7% 683K Equatorial Guinea
44%
South America U 58.1% 1.9M Uruguay
40%
South America G 62.7% 468K Guyana
24%
No matching quizzes found
Score Distribution
Percent of People with Each Score
Percentile by Number Answered
Your Score History
You have not taken this quiz